000 01323nam a22002297a 4500
001 8778
003 FISKH
005 20251020112204.0
008 251020b cb ||||| |||| 00| 0 eng d
040 _aFISKH
_bger
_cFISKH
_dFISKH
050 _aPS3552.R685434 D54
082 _a813.54
100 _aBrown, Dan
245 _aDiabolus /
_cDan Brown
250 _aThis edition published in 2005
260 _aVorbehalten :
_bGustav Lebbe Verlag,
_c1998
300 _a524 pages :
_c22 cm
520 _aA masterful thriller by the author of the #1 New York Times bestseller The Da Vinci Code. When the NSA's invincible code-breaking machine encounters a mysterious code it cannot break, the agency calls its head cryptographer, Susan Fletcher, a brilliant, beautiful mathematician. What she uncovers sends shock waves through the corridors of power. The NSA is being held hostage-not by guns or bombs-but by a code so complex that if released would cripple U.S. intelligence. Caught in an accelerating tempest of secrecy and lies, Fletcher battles to save the agency she believes in. Betrayed on all sides, she finds herself fighting not only for her country but also for her life, and in the end, for the life of the man she loves.
650 _aAdventure
_vComputers
_xConspiracy
942 _2ddc
_cBK
_n0
999 _c8778
_d8778